Pokémon di Tipo Acciaio - Statistics

Statistiche generali
  • Questo quiz è stato fatto 38 volte
  • Il punteggio medio è 6 su 13
Statistiche sulle risposte
Pokédex Pokémon % Corretto
#493 (Con Lastra Acciaio) Arceus
89%
#773 (Con ROM Acciaio) Silvally
69%
#52 (Forma di Galar) Meowth
67%
#306 (Megaevoluzione) Aggron
53%
#600 Klang
44%
#599 Klink
44%
#601 Klinklang
44%
#809 (Forma Gigamax e non) Melmetal
42%
#808 Meltan
39%
#379 Registeel
39%
#863 Perrserker
33%
#879 (Form Gigamax e non) Copperajah
25%
#878 Cufant
25%
Nessun quiz corrispondente trovato
Distribuzione punteggi
Percentuale di utenti per punteggio
Percentile per numero di risposta
I tuoi punteggi nel tempo
Non hai fatto questo quiz